Southville International School and Colleges
Your cart is empty.
  • Cart
  • Lists
    Public lists Eva Luna New books Lux_list list_1
    Your lists Log in to create your own lists
  • Log in to your account
  • Your cookies
  • Search history
Southville International School and Colleges
  • Advanced search
  • Recent comments
  • Most popular
  • Libraries

Log in to your account

Log in with GOOGLE


If you do not have an external account, but do have a local account, you can still log in:

  1. Home
  2. MARC view: An equal stillness /
Normal view MARC view ISBD view

An equal stillness / (Record no. 11463)

[ view plain ]
MARC details
000 -LEADER
fixed length control field 00840cam a22003138a 4500
001 - CONTROL NUMBER
control field 7378553
003 - CONTROL NUMBER IDENTIFIER
control field LC
005 - DATE AND TIME OF LATEST TRANSACTION
control field 20160229105413.0
008 - FIXED-LENGTH DATA ELEMENTS--GENERAL INFORMATION
fixed length control field 090915s2009 enk 000 f eng
015 ## - NATIONAL BIBLIOGRAPHY NUMBER
National bibliography number GBA947639
Source bnb
016 7# - NATIONAL BIBLIOGRAPHIC AGENCY CONTROL NUMBER
Record control number 015181412
Source Uk
020 ## - INTERNATIONAL STANDARD BOOK NUMBER
International Standard Book Number 9780753825655 (pbk.)
020 ## - INTERNATIONAL STANDARD BOOK NUMBER
International Standard Book Number 0753825651 (pbk.)
035 ## - SYSTEM CONTROL NUMBER
System control number (OCoLC)ocn321016412
035 ## - SYSTEM CONTROL NUMBER
System control number (NNC)7378553
040 ## - CATALOGING SOURCE
Original cataloging agency UKM
Transcribing agency UKM
Modifying agency WAU
-- YDXCP
-- CGU
-- NNC
050 14 - LIBRARY OF CONGRESS CALL NUMBER
Classification number PR 6111.A93
Item number .K23 2009
082 04 - DEWEY DECIMAL CLASSIFICATION NUMBER
Classification number FIC
Item number K18e 2009
100 1# - MAIN ENTRY--PERSONAL NAME
Personal name Kay, Francesca,
Dates associated with a name 1957-
9 (RLIN) 20313
245 13 - TITLE STATEMENT
Title An equal stillness /
Statement of responsibility, etc Francesca Kay.
260 ## - PUBLICATION, DISTRIBUTION, ETC. (IMPRINT)
Place of publication, distribution, etc London :
Name of publisher, distributor, etc Phoenix,
Date of publication, distribution, etc 2009.
263 ## - PROJECTED PUBLICATION DATE
Projected publication date 200908
300 ## - PHYSICAL DESCRIPTION
Extent 324 p. ;
Dimensions 20 cm.
650 #0 - SUBJECT ADDED ENTRY--TOPICAL TERM
Topical term or geographic name as entry element Artists' spouses
Form subdivision Fiction.
9 (RLIN) 20314
942 ## - ADDED ENTRY ELEMENTS (KOHA)
Source of classification or shelving scheme Library of Congress Classification
Koha item type Books
948 1# - LOCAL PROCESSING INFORMATION (OCLC); SERIES PART DESIGNATOR (RLIN)
Series part designator, SPT (RLIN) 20091026
b (OCLC) c
c (OCLC) rad1
d (OCLC) MPS
Holdings
Withdrawn status Lost status Source of classification or shelving scheme Damaged status Home library Current library Shelving location Date acquired Total Checkouts Full call number Barcode Date last seen Date checked out Copy number Price effective from Koha item type
    Library of Congress Classification   Luxembourg Library Luxembourg Library Fiction Section 09/17/2013 1 PR 6111.A93 .K23 2009 18352 01/14/2016 01/07/2016 1 09/17/2013 Books

An equal stillness /

APA

Kay F., . (2009). An equal stillness. London: Phoenix.

Chicago

Kay Francesca, . 2009. An equal stillness. London: Phoenix.

Harvard

Kay F., . (2009). An equal stillness. London: Phoenix.

MLA

Kay Francesca, . An equal stillness. London: Phoenix. 2009.

  • Place hold
  • Print
  • Cite
  • Add to your cart (remove)
  • Save record
    BIBTEX Dublin Core MARCXML MARC (non-Unicode/MARC-8) MARC (Unicode/UTF-8) MARC (Unicode/UTF-8, Standard) MODS (XML) RIS
  • More searches
    Search for this title in:
    Other Libraries (WorldCat) Other Databases (Google Scholar) Online Stores (Bookfinder.com) Open Library (openlibrary.org)

Exporting to Dublin Core...

SOUTHVILLE LIBRARY

Southville International School and Colleges Library

1281 Tropical Ave. Cor. Luxembourg St., BF Homes International, Las Pinas City

Tel. No. 8256374 / 252358 Loc. 117/146

Powered by Koha